[Event "Leipzig VfB op 18th"]
[Site "Leipzig"]
[Date "2011.03.22"]
[Round "1"]
[White "Bergert, Bernd"]
[Black "Werner, Hubert"]
[Result "0-1"]
[WhiteElo "1163"]
[BlackElo "1930"]
[PlyCount "84"]
[EventDate "2011.03.20"]
[EventType "swiss"]
[EventRounds "9"]
[EventCountry "GER"]
[SourceTitle "CBM 141 Extra"]
[Source "ChessBase"]
[SourceDate "2011.05.03"]
[SourceVersion "1"]
[SourceVersionDate "2011.05.03"]
[SourceQuality "1"]

1. e4 c5 2. Nf3 Nc6 3. d4 cxd4 4. Nxd4 Nf6 5. Nc3 e6 6. f3 Bb4 7. Qd3 d5 8. Bd2 0-0 9. a3 Bc5 10. Be3 dxe4 11. Nxe4 Bxd4 12. Nxf6+ Qxf6 13. Bxd4 Qxd4 14. Qxd4 Nxd4 15. Bd3 e5 16. Kf2 Bf5 17. Bxf5 Nxf5 18. c3 Rad8 19. Rad1 Ne7 20. Rhe1 Nc6 21. b4 Rxd1 22. Rxd1 Rd8 23. Rxd8+ Nxd8 24. Ke3 f5 25. g4 g6 26. h3 Ne6 27. a4 Kf7 28. h4 h6 29. a5 a6 30. c4 Nc7 31. Kd3 Ke6 32. Ke3 Kd6 33. Kd3 Ne6 34. Ke3 Nd4 35. gxf5 gxf5 36. Kd3 Nxf3 37. b5 Kc5 38. bxa6 bxa6 39. h5 Nd4 40. Kc3 Nc6 41. Kd3 Nxa5 42. Kc3 Nxc4 0-1

[Event "Leipzig VfB op 14th"]
[Site "Leipzig"]
[Date "2007.03.24"]
[Round "8"]
[White "Bergert, Bernd"]
[Black "Luda, Michael"]
[Result "0-1"]
[WhiteElo "1152"]
[BlackElo "1541"]
[PlyCount "122"]
[EventDate "2007.03.20"]
[EventType "swiss"]
[EventRounds "9"]
[EventCountry "GER"]
[SourceTitle "EXT 2008"]
[Source "ChessBase"]
[SourceDate "2007.11.25"]
[SourceVersion "1"]
[SourceVersionDate "2007.11.25"]
[SourceQuality "1"]

1. e4 d5 2. exd5 Nf6 3. d4 Nxd5 4. c4 Nb6 5. Be3 Bf5 6. Nc3 e6 7. a3 Be7 8. Nf3 0-0 9. Be2 N8d7 10. 0-0 c6 11. b4 h6 12. c5 Nd5 13. Nxd5 exd5 14. Bd3 Be6 15. h3 b5 16. Qc2 Qc7 17. a4 a6 18. axb5 axb5 19. Qb2 Qb7 20. Rxa8 Rxa8 21. Ra1 Bd8 22. Ra3 Bc7 23. Qa2 Rxa3 24. Qxa3 Kf8 25. Nh4 Nf6 26. g4 h5 27. Bf5 Bxf5 28. gxf5 Ne4 29. Qc1 Bd8 30. Nf3 f6 31. Nh4 Qd7 32. Qd1 g5 33. Ng6+ Kg8 34. Qxh5 Qh7 35. Qxh7+ Kxh7 36. Nf8+ Kh6 37. Kg2 Kh5 38. f3 Nc3 39. Ne6 Be7 40. f4 g4 41. Bf2 Nd1 42. hxg4+ Kxg4 43. Ng7 Nxf2 44. Kxf2 Kxf4 45. Ke2 Ke4 46. Ne6 Kxf5 47. Ng7+ Ke4 48. Ne6 f5 49. Nc7 Bf6 50. Na6 Kxd4 51. Nb8 Kc4 52. Nxc6 d4 53. Nb8 d3+ 54. Kd2 Bc3+ 55. Kd1 Bxb4 56. c6 Ba5 57. Na6 b4 58. c7 Bxc7 59. Nxc7 b3 60. Kc1 f4 61. Ne6 f3 0-1

[Event "Leipzig VfB op 14th"]
[Site "Leipzig"]
[Date "2007.03.24"]
[Round "7"]
[White "Wiesner, Klaus"]
[Black "Bergert, Bernd"]
[Result "0-1"]
[WhiteElo "1276"]
[BlackElo "1152"]
[PlyCount "81"]
[EventDate "2007.03.20"]
[EventType "swiss"]
[EventRounds "9"]
[EventCountry "GER"]
[SourceTitle "EXT 2008"]
[Source "ChessBase"]
[SourceDate "2007.11.25"]
[SourceVersion "1"]
[SourceVersionDate "2007.11.25"]
[SourceQuality "1"]

1. g3 d5 2. Bg2 e5 3. Nc3 c6 4. e3 f5 5. Nge2 Nf6 6. 0-0 Be7 7. d3 0-0 8. d4 e4 9. f3 b5 10. a3 a5 11. Na2 Bb7 12. b4 axb4 13. axb4 Bxb4 14. c3 Be7 15. Bd2 Nbd7 16. Qb3 Qc7 17. Be1 Ra3 18. Qb2 Rfa8 19. h3 Nb6 20. Nec1 Nc4 21. Qf2 Bd6 22. fxe4 fxe4 23. g4 Rf8 24. Qh4 Nxe3 25. Rf2 Bg3 26. Rxf6 Bxh4 27. Rxf8+ Kxf8 28. Bxh4 Qf4 29. Ne2 Qd6 30. Bh1 c5 31. Bf2 Qg6 32. Bxe3 Rxa2 33. Rf1+ Kg8 34. Rf2 b4 35. Kf1 bxc3 36. dxc5 c2 37. Kg2 c1Q 38. Nxc1 Rxf2+ 39. Bxf2 Bc6 40. Nb3 Bb5 41. Nd4 0-1

[Event "Leipzig VfB op 14th"]
[Site "Leipzig"]
[Date "2007.03.21"]
[Round "2"]
[White "Bergert, Bernd"]
[Black "Schmiedek, Jens"]
[Result "0-1"]
[WhiteElo "1152"]
[BlackElo "1816"]
[PlyCount "42"]
[EventDate "2007.03.20"]
[EventType "swiss"]
[EventRounds "9"]
[EventCountry "GER"]
[SourceTitle "EXT 2008"]
[Source "ChessBase"]
[SourceDate "2007.11.25"]
[SourceVersion "1"]
[SourceVersionDate "2007.11.25"]
[SourceQuality "1"]

1. e4 c6 2. d4 d5 3. e5 Bf5 4. Bd3 Bxd3 5. Qxd3 e6 6. f4 Nh6 7. Nf3 Be7 8. Be3 0-0 9. 0-0 Nd7 10. Nbd2 c5 11. c3 Ng4 12. Bf2 Nxf2 13. Rxf2 cxd4 14. cxd4 Qb6 15. Nb3 Rac8 16. Rff1 Rc6 17. Rfc1 Rfc8 18. Rxc6 Rxc6 19. Kf1 Qc7 20. Qe2 Bb4 21. Qd1 Rc2 0-1

[Event "Leipzig VfB op 13th"]
[Site "Leipzig"]
[Date "2006.03.19"]
[Round "9"]
[White "Keller, Ralf"]
[Black "Bergert, Bernd"]
[Result "1-0"]
[WhiteElo "1490"]
[BlackElo "1192"]
[PlyCount "51"]
[EventDate "2006.03.14"]
[EventType "swiss"]
[EventRounds "9"]
[EventCountry "GER"]
[SourceTitle "EXT 2008"]
[Source "ChessBase"]
[SourceDate "2007.11.25"]
[SourceVersion "1"]
[SourceVersionDate "2007.11.25"]
[SourceQuality "1"]

1. e4 c5 2. d4 cxd4 3. c3 dxc3 4. Bc4 e6 5. Nf3 cxb2 6. Bxb2 Bb4+ 7. Nbd2 Bxd2+ 8. Qxd2 f6 9. Rd1 d5 10. 0-0 Ne7 11. e5 Nd7 12. exf6 gxf6 13. Qh6 Ng6 14. Rfe1 Kf7 15. Rxd5 Qf8 16. Ng5+ fxg5 17. Rf5+ Ke8 18. Rxe6+ Ne7 19. Rxf8+ Rxf8 20. Qxh7 Rf7 21. Rxe7+ Rxe7 22. Qg6+ Kd8 23. Qxg5 Nb6 24. Ba3 Bd7 25. Qxe7+ Kc8 26. Bd6 1-0

[Event "Leipzig VfB op 13th"]
[Site "Leipzig"]
[Date "2006.03.16"]
[Round "4"]
[White "Bergert, Bernd"]
[Black "Schlegel, Harald"]
[Result "0-1"]
[WhiteElo "1192"]
[BlackElo "1837"]
[PlyCount "65"]
[EventDate "2006.03.14"]
[EventType "swiss"]
[EventRounds "9"]
[EventCountry "GER"]
[SourceTitle "EXT 2008"]
[Source "ChessBase"]
[SourceDate "2007.11.25"]
[SourceVersion "1"]
[SourceVersionDate "2007.11.25"]
[SourceQuality "1"]

1. e4 Nf6 2. e5 Nd5 3. c4 Nb6 4. d4 d6 5. f4 Bf5 6. Nc3 e6 7. Nf3 Nc6 8. Be3 Nb4 9. Kf2 Nc2 10. Rc1 Nxe3 11. Kxe3 dxe5 12. fxe5 Be7 13. Kf2 Bg5 14. Nxg5 Qxg5 15. g3 0-0 16. Bd3 f6 17. h4 Qg6 18. Bxf5 Qxf5+ 19. Kg2 Nxc4 20. Qe2 Nb6 21. Rcf1 Qg6 22. exf6 Rxf6 23. Rxf6 Qxf6 24. Rf1 Qe7 25. Qe5 Nc4 26. Qe2 Nd6 27. Nd5 Qd7 28. Nf4 Re8 29. Qg4 Nf5 30. Kf2 Qxd4+ 31. Kf3 Qe3+ 32. Kg2 Qe4+ 33. Qf3 0-1

[Event "Leipzig VfB op 13th"]
[Site "Leipzig"]
[Date "2006.03.16"]
[Round "5"]
[White "Ewald, Hans Juergen"]
[Black "Bergert, Bernd"]
[Result "1-0"]
[WhiteElo "1511"]
[BlackElo "1192"]
[PlyCount "59"]
[EventDate "2006.03.14"]
[EventType "swiss"]
[EventRounds "9"]
[EventCountry "GER"]
[SourceTitle "EXT 2008"]
[Source "ChessBase"]
[SourceDate "2007.11.25"]
[SourceVersion "1"]
[SourceVersionDate "2007.11.25"]
[SourceQuality "1"]

1. e4 c5 2. Nf3 Nc6 3. d3 d6 4. g3 Nf6 5. Bg2 e6 6. 0-0 Be7 7. Nbd2 0-0 8. Re1 Qc7 9. h4 b5 10. Nf1 Bb7 11. N1h2 a5 12. Ng5 h6 13. Nh3 e5 14. Ng4 Nxg4 15. Qxg4 Bc8 16. Qh5 Bxh3 17. Bxh3 Nd4 18. c3 Ne6 19. Bxh6 gxh6 20. Qxh6 Ng7 21. f4 exf4 22. gxf4 Qd8 23. Bf5 Nxf5 24. exf5 Bxh4 25. Re2 Qf6 26. Rg2+ Bg5 27. Rxg5+ Qxg5+ 28. Qxg5+ Kh8 29. Kf2 Rg8 30. Rh1# 1-0

[Event "Leipzig VfB op 13th"]
[Site "Leipzig"]
[Date "2006.03.15"]
[Round "2"]
[White "Rohne, Lars"]
[Black "Bergert, Bernd"]
[Result "1-0"]
[WhiteElo "2033"]
[BlackElo "1192"]
[PlyCount "99"]
[EventDate "2006.03.14"]
[EventType "swiss"]
[EventRounds "9"]
[EventCountry "GER"]
[SourceTitle "EXT 2008"]
[Source "ChessBase"]
[SourceDate "2007.11.25"]
[SourceVersion "1"]
[SourceVersionDate "2007.11.25"]
[SourceQuality "1"]

1. e4 c5 2. Nc3 Nc6 3. f4 d6 4. Nf3 e6 5. Bc4 Nf6 6. d3 Be7 7. 0-0 0-0 8. a3 a6 9. Qe1 b5 10. Ba2 Ne8 11. Kh1 b4 12. axb4 Nxb4 13. Bb3 Nc7 14. Nd1 Bd7 15. Nf2 Nb5 16. c3 Nc6 17. g4 Nc7 18. g5 Kh8 19. Ng4 f6 20. g6 f5 21. exf5 exf5 22. Ne3 hxg6 23. Rg1 Be6 24. Bxe6 Nxe6 25. Nd5 Nc7 26. Nxe7 Qxe7 27. Qg3 Ne6 28. Nh4 Rf6 29. Nxg6+ Rxg6 30. Qxg6 Qf6 31. Qxf6 gxf6 32. Bd2 a5 33. Rae1 Ng7 34. c4 Nd4 35. Re3 a4 36. Bc3 a3 37. bxa3 Rxa3 38. Bxd4 cxd4 39. Rh3+ Kg8 40. Rhg3 Ra7 41. Rg6 Rf7 42. Kg2 Kf8 43. Kf3 Ne6 44. Rg8+ Ke7 45. Ra1 Nc7 46. Rc8 Ke6 47. Ra7 Rh7 48. Rcxc7 Rh3+ 49. Kg2 Rxd3 50. Re7# 1-0

[Event "Leipzig VfB op 12th"]
[Site "Leipzig"]
[Date "2005.03.02"]
[Round "3"]
[White "Henschke, Andrea"]
[Black "Bergert, Bernd"]
[Result "1-0"]
[WhiteElo "1621"]
[BlackElo "1196"]
[PlyCount "61"]
[EventDate "2005.01.03"]
[EventType "swiss"]
[EventRounds "9"]
[EventCountry "GER"]
[SourceTitle "EXT 2008"]
[Source "ChessBase"]
[SourceDate "2007.11.25"]
[SourceVersion "1"]
[SourceVersionDate "2007.11.25"]
[SourceQuality "1"]

1. f4 d5 2. b3 c5 3. Bb2 e6 4. Nf3 Nf6 5. e3 a6 6. Be2 Be7 7. 0-0 Nc6 8. Qe1 0-0 9. d3 Nb4 10. Bd1 b5 11. Ne5 Bb7 12. Nd2 Nc6 13. Ndf3 Nxe5 14. Nxe5 Nd7 15. Nxd7 Qxd7 16. Qg3 d4 17. Bf3 Bxf3 18. Rxf3 Bf6 19. e4 b4 20. f5 e5 21. Bc1 Qd6 22. Qg4 g6 23. Bh6 Rfe8 24. Raf1 Ra7 25. fxg6 fxg6 26. Rxf6 Qe7 27. Rf8+ Rxf8 28. Rxf8+ Qxf8 29. Bxf8 Kxf8 30. Qc8+ Ke7 31. Qxc5+ 1-0

[Event "Leipzig VfB op 11th"]
[Site "Leipzig"]
[Date "2004.03.18"]
[Round "5"]
[White "Haase, Christian"]
[Black "Bergert, Bernd"]
[Result "1-0"]
[WhiteElo "1559"]
[BlackElo "1168"]
[PlyCount "61"]
[EventDate "2004.03.16"]
[EventType "swiss"]
[EventRounds "9"]
[EventCountry "GER"]
[SourceTitle "EXT 2007"]
[Source "ChessBase"]
[SourceDate "2006.11.23"]
[SourceVersion "1"]
[SourceVersionDate "2006.11.23"]
[SourceQuality "1"]

1. Nf3 Nf6 2. d3 g6 3. e4 d6 4. Bg5 Bg7 5. Qd2 0-0 6. Bh6 e5 7. Nc3 c6 8. Bg5 Bg4 9. Be2 b5 10. h3 Bxf3 11. Bxf3 Nbd7 12. h4 Qc7 13. h5 Rfe8 14. 0-0-0 Nxh5 15. Bxh5 gxh5 16. Bh6 f6 17. Bxg7 Kxg7 18. Rxh5 Kg8 19. Rdh1 Nf8 20. Ne2 a5 21. Ng3 a4 22. Rh6 b4 23. Rxf6 b3 24. cxb3 axb3 25. a3 Reb8 26. Nf5 Rxa3 27. Nh6+ Kg7 28. Qg5+ Ng6 29. bxa3 Qa5 30. Rf7+ Kh8 31. Qf6# 1-0

[Event "Leipzig VfB op 10th"]
[Site "Leipzig"]
[Date "2003.03.11"]
[Round "1"]
[White "Bergert, Bernd"]
[Black "Mikolajewski, Armin"]
[Result "0-1"]
[WhiteElo "1176"]
[BlackElo "1820"]
[PlyCount "80"]
[EventDate "2003.03.11"]
[EventType "swiss"]
[EventRounds "9"]
[EventCountry "GER"]
[SourceTitle "EXT 2008"]
[Source "ChessBase"]
[SourceDate "2007.11.25"]
[SourceVersion "1"]
[SourceVersionDate "2007.11.25"]
[SourceQuality "1"]

1. e4 e5 2. Nf3 Nc6 3. Bb5 a6 4. Ba4 Nf6 5. 0-0 b5 6. Bb3 Nxe4 7. Re1 d5 8. d3 Nf6 9. Nxe5 Nxe5 10. Rxe5+ Be6 11. Bg5 Be7 12. Re1 0-0 13. c3 c6 14. Nd2 Bg4 15. Nf3 Bh5 16. Bc2 Qd6 17. h3 h6 18. Bh4 g5 19. Bg3 Qd8 20. Bh2 Bd6 21. g4 Bxh2+ 22. Nxh2 Bg6 23. Qd2 Qd6 24. Re2 Kg7 25. Kg2 d4 26. f3 Nd5 27. Kh1 Nf4 28. Ree1 Nxh3 29. cxd4 Qxd4 30. Qc3 Rad8 31. Qxd4+ Rxd4 32. Rad1 Nf2+ 33. Kg2 Nxd1 34. Rxd1 Rfd8 35. Kf2 c5 36. Nf1 c4 37. Ke2 cxd3+ 38. Bxd3 Rxd3 39. Rxd3 Bxd3+ 40. Ke1 Bxf1 0-1

[Event "Leipzig VfB op 09th"]
[Site "Leipzig"]
[Date "2002.03.09"]
[Round "7"]
[White "Schulze, Susanne"]
[Black "Bergert, Bernd"]
[Result "0-1"]
[WhiteElo "831"]
[BlackElo "1252"]
[PlyCount "100"]
[EventDate "2002.03.05"]
[EventType "swiss"]
[EventRounds "9"]
[EventCountry "GER"]
[SourceTitle "EXT 2007"]
[Source "ChessBase"]
[SourceDate "2006.11.23"]
[SourceVersion "1"]
[SourceVersionDate "2006.11.23"]
[SourceQuality "1"]

1. d4 Nf6 2. Nf3 g6 3. Bf4 Bg7 4. e3 0-0 5. Bc4 d6 6. Nbd2 Bg4 7. 0-0 c5 8. c3 a6 9. b4 b5 10. Be2 c4 11. a4 Nc6 12. a5 h6 13. h3 Bxf3 14. Bxf3 Rc8 15. Qc1 g5 16. d5 Na7 17. Bxg5 hxg5 18. e4 Qd7 19. Re1 g4 20. hxg4 Nxg4 21. Ra2 Ne5 22. Re3 Bh6 23. Re2 Nd3 24. Qc2 e5 25. Bh5 f5 26. f3 f4 27. Bg4 Qe7 28. Bxc8 Nxc8 29. g4 Rf7 30. Rh2 Ne1 31. Qd1 Nxf3+ 32. Nxf3 Rh7 33. Rh5 Qd7 34. Rg2 Ne7 35. g5 Bg7 36. Qe1 Rxh5 37. Kf2 Ng6 38. Ke2 Qa7 39. Rh2 Qe3+ 40. Kd1 Qxf3+ 41. Re2 Rh1 42. Qxh1 Qxh1+ 43. Re1 Qf3+ 44. Re2 Nh4 45. Kd2 Qd3+ 46. Ke1 f3 47. Rd2 Nf5 48. Kd1 Ne3+ 49. Kc1 Qxc3+ 50. Rc2 Qxc2# 0-1

[Event "Leipzig VfB op 09th"]
[Site "Leipzig"]
[Date "2002.03.05"]
[Round "1"]
[White "Bergert, Bernd"]
[Black "Ehrhardt, Eric"]
[Result "0-1"]
[WhiteElo "1252"]
[BlackElo "1717"]
[PlyCount "82"]
[EventDate "2002.03.05"]
[EventType "swiss"]
[EventRounds "9"]
[EventCountry "GER"]
[SourceTitle "EXT 2007"]
[Source "ChessBase"]
[SourceDate "2006.11.23"]
[SourceVersion "1"]
[SourceVersionDate "2006.11.23"]
[SourceQuality "1"]

1. e4 e5 2. Nf3 f5 3. d3 Nc6 4. Be2 Bc5 5. Bg5 Nf6 6. 0-0 d6 7. a3 a5 8. c4 0-0 9. Nc3 Ne7 10. h3 c6 11. b3 h6 12. Bxf6 gxf6 13. Nh2 Kh7 14. g4 fxg4 15. Bxg4 Rg8 16. Kh1 Bxg4 17. hxg4 Rg7 18. f3 Ng6 19. Ne2 Be3 20. Ng3 Bf4 21. Nf5 Rf7 22. Ra2 Ne7 23. Nxe7 Qxe7 24. Qe1 Qf8 25. Qh4 Qg7 26. Rff2 Raf8 27. Qh5 b5 28. cxb5 cxb5 29. Rac2 Rc7 30. Qf5+ Kh8 31. Nf1 b4 32. a4 Rc3 33. Kg2 Rxb3 34. Rc8 Rc3 35. Rxc3 bxc3 36. Rc2 Qb7 37. Ng3 Qb1 38. Re2 c2 39. Rxc2 Qxc2+ 40. Kh3 Qf2 41. g5 Qxg3# 0-1

[Event "Leipzig VfB op 08th"]
[Site "Leipzig"]
[Date "2001.02.21"]
[Round "2"]
[White "Hieronymus, Andreas"]
[Black "Bergert, Bernd"]
[Result "1/2-1/2"]
[WhiteElo "1620"]
[BlackElo "1191"]
[PlyCount "24"]
[EventDate "2001.02.20"]
[EventType "swiss"]
[EventRounds "9"]
[EventCountry "GER"]
[SourceTitle "EXT 2008"]
[Source "ChessBase"]
[SourceDate "2007.11.25"]
[SourceVersion "1"]
[SourceVersionDate "2007.11.25"]
[SourceQuality "1"]

1. e4 c5 2. c3 Nc6 3. Nf3 d6 4. d4 cxd4 5. cxd4 e6 6. Nc3 Nf6 7. Bc4 Be7 8. 0-0 0-0 9. Re1 a6 10. a4 Nd7 11. e5 dxe5 12. dxe5 Nb6 1/2-1/2

[Event "Leipzig VfB op 08th"]
[Site "Leipzig"]
[Date "2001.02.20"]
[Round "1"]
[White "Bergert, Bernd"]
[Black "Lehmann, Lothar"]
[Result "0-1"]
[WhiteElo "1191"]
[BlackElo "1902"]
[PlyCount "80"]
[EventDate "2001.02.20"]
[EventType "swiss"]
[EventRounds "9"]
[EventCountry "GER"]
[SourceTitle "EXT 2008"]
[Source "ChessBase"]
[SourceDate "2007.11.25"]
[SourceVersion "1"]
[SourceVersionDate "2007.11.25"]
[SourceQuality "1"]

1. e4 c5 2. Nf3 e6 3. d4 cxd4 4. Nxd4 Nf6 5. Nc3 d6 6. Be3 Be7 7. Qd2 0-0 8. Be2 a6 9. 0-0-0 Qc7 10. f4 Nc6 11. Nxc6 bxc6 12. g4 d5 13. e5 Nd7 14. h4 c5 15. Bf2 Bb7 16. Bf3 f6 17. exf6 Bxf6 18. g5 Bxc3 19. bxc3 Qxf4 20. Qxf4 Rxf4 21. Rh3 Raf8 22. Rd3 Ne5 23. Bxc5 Nxd3+ 24. cxd3 Rxf3 25. Rxf3 Rxf3 26. Kd2 Kf7 27. Ke2 Rh3 28. Bf2 a5 29. a4 Ba6 30. Kd2 Rxd3+ 31. Kc2 Rh3 32. Kd2 Rh2 33. Ke3 e5 34. Kf3 Bb7 35. Kg3 Rxf2 36. Kxf2 Bc6 37. Ke3 Bxa4 38. Kd2 Kg6 39. Kc1 Kh5 40. Kb2 Kxh4 0-1